| 000 | 01177cam a2200229 4500 | ||
|---|---|---|---|
| 001 | WB@3612-646 | ||
| 008 | 041116n2004 000 0 eng u | ||
| 035 | _a(Sirsi) u127987 | ||
| 245 | _aFlat-rate standing charges | ||
| 260 | _c2004 | ||
| 490 |
_aPlanning (for the Natural and Built Environment) _v12 November 2004, 4(1) |
||
| 520 | _aResearch into flat-rate standing charges carried out by GVA Grimley for the ODPM claims that developers could be bringing forward smaller sites if they are forced to provide affordable homes. Latest draft revisions to PPS3 propose that authorities should be able to insist on affordable housing on sites of 0.5ha. "Reforming planning obligations" advises that the charging rate should be set by authorities themselves. For full details and to access the report go to: http://www.odpm.gov.uk/stellent/groups/odpm_planni ng/documents/page/odpm_plan_605898.hcsp. | ||
| 590 | _aWB | ||
| 590 | _aWB | ||
| 650 | _aFLAT-RATE CHARGE | ||
| 650 | _aPLANNING AGREEMENTS | ||
| 650 | _aPLANNING-PRACTICE | ||
| 650 |
_aAffordable housing _96215 |
||
| 650 | _aPLANNING POLICY STATEMENT 3 | ||
| 690 | _aPLANNING-PLANNING LAW | ||
| 942 | _n0 | ||
| 999 |
_c118304 _d118304 |
||